Venky On Data Structures: For Those Who Hate Them (Record no. 369274)

MARC details
000 -LEADER
fixed length control field 00279 a2200109 4500
005 - DATE AND TIME OF LATEST TRANSACTION
control field 20251204143147.0
020 ## - INTERNATIONAL STANDARD BOOK NUMBER
International Standard Book Number 9789354439384
100 ## - MAIN ENTRY--PERSONAL NAME
Personal name Karukuri V.
9 (RLIN) 215656
245 ## - TITLE STATEMENT
Title Venky On Data Structures: For Those Who Hate Them
260 ## - PUBLICATION, DISTRIBUTION, ETC. (IMPRINT)
Name of publisher, distributor, etc. PHI Learning P.Ltd.
Date of publication, distribution, etc. 2025
942 ## - ADDED ENTRY ELEMENTS (KOHA)
Koha item type Article
Holdings
Withdrawn status Lost status Source of classification or shelving scheme Damaged status Not for loan Home library Current library Date acquired Vendor Cost, normal purchase price Total Checkouts Full call number Barcode Date last seen Date last checked out Cost, replacement price Bill Date Koha item type
    Dewey Decimal Classification     Cummins College of Engineering for Women Pune Cummins College of Engineering for Women Pune 05/12/2025 115 367.50 2 005.73 KAR CCEP-BK-69951 13/02/2026 06/02/2026 525.00 05/12/2025 Books